Rozsypanka literowa - firmy - Statystyki

Ogólne statystyki
  • Ten quiz został rozwiązany 2 202 razy
  • Średni wynik to 12 z 28
Statystyki odpowiedzi
Rozsypanka Firma % Poprawnych
ELPPA Apple
96%
XFDEE FedEx
73%
OVOLV Volvo
71%
IGCUC Gucci
65%
PARAD Prada
62%
MAADZ Mazda
60%
OHYAO Yahoo
59%
EPSIP Pepsi
58%
SELHL Shell
52%
IZSUU Isuzu
50%
EROXX Xerox
49%
RAYEB Bayer
48%
ONIKN Nikon
47%
ANONC Canon
42%
NHIEZ Heinz
42%
SCETO Tesco
40%
KNIAO Nokia
38%
TRAFK Kraft
37%
TEILN Intel
34%
ASHPR Sharp
31%
NOHAD Honda
30%
COCIS Cisco
27%
AIPRX Pixar
19%
TEALD Delta
14%
BOEAD Adobe
11%
RCEMK Merck
11%
HCCAO Coach
8%
TARMK Kmart
4%
Nie znaleziono quizów pasujących do podanych kryteriów
Rozkład punktacji
Procent ludzi z każdym wynikiem
Percentyl według liczby udzielonych odpowiedzi
Twoja historia wyników
Nie rozwiązałeś tego quizu